000
00322 a2200133 4500
005
20260529145425.0
020
_a
9789383101276
084
_2
CC
_a
G:55-5270bE5
100
_a
SHUKLA ,O P
_9
15383
245
_a
Green transformation
260
_b
Agrotech press,
_c
2025,
_a
New Delhi
300
_a
255p.
942
_c
BK
_2
CC
999
_c
756749
_d
756749